Vista normal Vista MARC

Entrada Materia (corporativa)

Número de registros utilizados en: 1

001 - CONTROL NUMBER

  • control field: 71313

003 - CONTROL NUMBER IDENTIFIER

  • control field: Co-BoUCM

005 - DATE AND TIME OF LATEST TRANSACTION

  • control field: 20150907083131.0

008 - FIXED-LENGTH DATA ELEMENTS

  • fixed length control field: 150907|| aca||aabn | a|a d

040 ## - CATALOGING SOURCE

  • Original cataloging agency: Co-BoUCM
  • Transcribing agency: Co-BoUCM

110 ## - HEADING--CORPORATE NAME

  • Corporate name or jurisdiction name as entry element: Paraguay
  • Subordinate unit: Ministerio de Educación y Cultura
  • Subordinate unit: Comisión Nacional de Bilingüismo

670 ## - SOURCE DATA FOUND

  • Source citation: Work cat.: (Co-BoUCM)300562: Paraguay Ministerio de Educación y Cultura Comisión Nacional de Bilingüismo, Paraguay multicultural y plurilingüe, 2007